The 10 Most Populous U.S. States - Statistics

General Stats
  • This quiz has been taken 42 times
  • The average score is 9 of 10
Answer Stats
Hint Answer % Correct
1. Population: 39,613,493 California
95%
4. Population: 19,299,981 New York
95%
2. Population: 29,730,311 Texas
95%
3.Population: 21,944,577 Florida
89%
5. Population: 12,804,123 Pennsylvania
87%
9. Population: 10,701,022 North Carolina
84%
7.Population: 11,714,618 Ohio
84%
8. Population: 10,830,007 Georgia
82%
10. Population: 9,992,427 Michigan
79%
6. Population: 12,569,321 Illinois
68%
No matching quizzes found
Score Distribution
Percent of People with Each Score
Percentile by Number Answered
Your Score History
You have not taken this quiz